Tourism Alternatives / Potentials and Problems in the Development of Tourism (Record no. 2785)
[ view plain ]
| 000 -LEADER | |
|---|---|
| fixed length control field | 01563cam a22002054a 4500 |
| 005 - ΗΜΕΡΟΜΗΝΙΑ ΚΑΙ ΩΡΑ ΤΕΛΕΥΤΑΙΑΣ ΕΝΗΜΕΡΩΣΗΣ | |
| Πεδίο ελέγχου | 20250605164053.0 |
| 008 - FIXED-LENGTH DATA ELEMENTS--GENERAL INFORMATION | |
| Πεδίο ελέγχου σταθερού μήκους | 250528s ||||||||||||||||||||||||d |
| 035 ## - SYSTEM CONTROL NUMBER | |
| System control number | 17361 |
| 020 ## - ISBN | |
| ISBN | 471948810 |
| 040 ## - ΠΗΓΗ ΚΑΤΑΛΟΓΟΓΡΑΦΗΣΗΣ | |
| Φορέας πρωτότυπης καταλογογράφησης | MC Athens Campus Library |
| Γλώσσα καταλογογράφησης | Ελληνικά, Μοντέρνα (1453-) |
| Modifying agency | MC Athens Campus Library |
| Κανόνες περιγραφικής καταλογογράφησης | AACR2 |
| 245 1# - ΤΙΤΛΟΣ ΚΑΙ ΔΗΛΩΣΗ ΥΠΕΥΘΥΝΟΤΗΤΑΣ | |
| Τίτλος | Tourism Alternatives / Potentials and Problems in the Development of Tourism |
| 260 ## - PUBLICATION, DISTRIBUTION, ETC. | |
| Name of publisher, distributor, etc. | John Wiley & Sons, |
| Date of publication, distribution, etc. | 1995 |
| 300 ## - PHYSICAL DESCRIPTION | |
| Extent | 256 |
| 520 ## - SUMMARY, ETC. | |
| Summary, etc. | In this book addressed the theoretical attributes and dimensions of tourism from an international and interdisciplinary perspective. Preface, Introduction: The Emergence of Alternative Forms of Tourism, Theoretical Perspectives, Alternative Tourism: Concepts and Classifications and Questions, Alternative Tourism: The Thin End of the Wedge, Making the Alternative Sustainable: Lessons from Development for Tourism, Alternative Tourism: Tourism and Sustainable Resource Management, International Tourism Reconsidered: The Principle of the Alternative, Case Studies, Tourism as an Element in Sustainable Development: Hana and Maui, Boracay Philippines: A Case Study in ''Alternative'' Tourism, Predisposition Toward Alternative Forms of Tourism Among Tourists Visiting Barbados: Some Preliminary Observations, Tourism by Train: Its Role in Alternative Tourism, Tourism Alternatives in an Era of Global Climatic Change, Epilogue: A Research Agenda on the Variability of Tourism, References, Author and Subject Index. |
| 700 1# - ΠΡΟΣΘΕΤΗ ΑΝΑΓΡΑΦΗ--ΦΥΣΙΚΟ ΠΡΟΣΩΠΟ | |
| Personal name | Eadington William R |
| 9 (RLIN) | 3513 |
| 700 1# - ΠΡΟΣΘΕΤΗ ΑΝΑΓΡΑΦΗ--ΦΥΣΙΚΟ ΠΡΟΣΩΠΟ | |
| Personal name | Smith Valene L |
| 9 (RLIN) | 3514 |
| 942 ## - ADDED ENTRY ELEMENTS (KOHA) | |
| Koha item type | Books |
| Τύπος τεκμηρίου | Βιβλιοθήκη | Τρέχουσα τοποθεσία | Barcode | Αριθμός εισαγωγής | Ημερομηνία απόκτησης | Ταξιθετικό σύμβολο | Αριθμός αντιτύπου | Κατάσταση απόσυρσης | Κατάσταση χαμένου | Κατάσταση κατεστραμμένου | Μη δανεισμός | Σύνολο δανεισμών | Ημερομηνία τελευταίας εμφάνισης | Η τιμή ισχύει από |
|---|---|---|---|---|---|---|---|---|---|---|---|---|---|---|
| Books | MC Athens Campus Library | MC Athens Campus Library | 9780000027849 | 1051 | 05/06/2025 | 338.4791 SMI | 1 | 05/06/2025 | 05/06/2025 |